000 00754nam a2200265Ia 4500
003 OSt
005 20220927110344.0
006 a|||||r|||| 00| 0
007 ta
008 220926b |||||||| |||| 00| 0 eng d
024 _a64859
037 _cReports
040 _aRTL
_cRTL
_beng
041 _2eng
_aeng
082 _a"X428.44Q7212rN, G8,H1"
110 _aCOMMISSIONERS FOR THE PORT OF CHITTAGONG
_9376539
245 0 _aAdministrative report
260 _c1937
300 _a43P
_ccm.
490 _a"1V per year. This library has 1937-38, 1940-41"
650 _aPort
700 _aCOMMISSIONERS FOR THE PORT OF CHITTAGONG
_9376540
942 _h"X428.44Q7212rN, G8,H1"
_cCC
999 _c695748
_d695748